| 000 | 00352nam a2200145Ia 4500 | ||
|---|---|---|---|
| 008 | 150201s2008 xx 000 0 und d | ||
| 082 |
_a617.96 _bS08P |
||
| 100 | _aPAUL , ARUN KUMAR | ||
| 245 | _aSTEP BY STEP REGIONAL ANAESTHESIA | ||
| 250 | _a1ST | ||
| 260 |
_bJAYPEE _aDELHI _c2008 |
||
| 300 | _a1-212 | ||
| 650 | _aANESTHESIOLOGY | ||
| 942 |
_2ddc _cBK |
||
| 999 |
_c1682 _d1682 |
||